Personnages de fiction en images - S - Statistiques

Statistiques générales
  • Ce quiz a été pris 67 708 fois
  • Le résultat moyen est 13 sur 20
Statistiques - réponses
Par images Réponse % Correct
Shrek
99%
Scooby Doo
98%
Spiderman
98%
Simba
96%
Sonic
95%
Salamèche
91%
Sid
83%
Sherlock Holmes
81%
Spirou
79%
La Schtroumpfette
78%
Snoopy
76%
Severus Rogue
74%
Simplet
72%
Samsagace Gamegie
48%
Shere Khan
36%
Spock
35%
Sarah Connor
32%
Seth
17%
Sancho Panza
13%
Sweeney Todd
13%
Aucun quiz correspondant
Distribution des résultats
% des personnes avec chaque résultat
Percentile par nombre de réponses
Votre historique - résultats
Vous n’avez pas pris ce quiz